[Event "H. C. Andersen Mindgames"]
[Site "?"]
[Date "2012.05.17"]
[Round "2.11"]
[White "Pedersen, 2138, Nicolai Kvist Brondt"]
[Black "Fries-Nielsen, 2363, IM Jens Ove"]
[Result "1/2-1/2"]
[LiveChessVersion "1.3.1"]
[BlackElo "2363"]
[WhiteElo "2138"]

1. d4 {[%clk 1:27:18]} g6 {[%clk 1:29:47]} 2. g3 {[%clk 1:27:17]} Bg7
{[%clk 1:29:48]} 3. Bg2 {[%clk 1:27:39]} c5 {[%clk 1:28:51]} 4. c3
{[%clk 1:28:01]} Qc7 {[%clk 1:28:35]} 5. Nf3 {[%clk 1:27:34]} Nf6
{[%clk 1:21:33]} 6. O-O {[%clk 1:25:57]} d6 {[%clk 1:20:15]} 7. Re1
{[%clk 1:26:05]} Ne4 {[%clk 1:11:29]} 8. Be3 {[%clk 1:18:39]} O-O
{[%clk 1:10:57]} 9. Nbd2 {[%clk 1:17:01]} cxd4 {[%clk 1:09:31]} 10. cxd4
{[%clk 1:10:21]} Nf6 {[%clk 1:09:27]} 11. Nb3 {[%clk 1:09:49]} Nd5
{[%clk 1:08:47]} 12. Bd2 {[%clk 1:06:40]} Nc6 {[%clk 1:02:49]} 13. e4
{[%clk 1:02:00]} Nb6 {[%clk 1:03:01]} 14. d5 {[%clk 0:55:08]} Ne5
{[%clk 1:03:08]} 15. Nxe5 {[%clk 0:49:19]} Bxe5 {[%clk 1:03:17]} 16. Rc1
{[%clk 0:49:10]} Qd8 {[%clk 1:02:35]} 17. Bc3 {[%clk 0:49:11]} Bxc3
{[%clk 1:01:21]} 18. Rxc3 {[%clk 0:49:32]} Na4 {[%clk 1:00:59]} 19. Rc2
{[%clk 0:49:23]} Bd7 {[%clk 1:00:47]} 20. Qd4 {[%clk 0:46:18]} a5
{[%clk 0:48:12]} 21. e5 {[%clk 0:35:36]} dxe5 {[%clk 0:47:17]} 22. Rxe5
{[%clk 0:34:13]} Ra6 {[%clk 0:45:34]} 23. Rce2 {[%clk 0:29:02]} Re8
{[%clk 0:39:37]} 24. Qh4 {[%clk 0:23:29]} Bb5 {[%clk 0:23:44]} 25. Rd2
{[%clk 0:20:00]} Qd6 {[%clk 0:22:52]} 26. Qe4 {[%clk 0:18:03]} Nb6
{[%clk 0:22:13]} 27. Nd4 {[%clk 0:15:15]} Bc4 {[%clk 0:14:50]} 28. Qe1
{[%clk 0:13:46]} Nd7 {[%clk 0:14:25]} 29. Re3 {[%clk 0:13:51]} Nf6
{[%clk 0:10:05]} 30. b3 {[%clk 0:13:11]} Bxd5 {[%clk 0:10:32]} 31. Nb5
{[%clk 0:07:57]} Qc5 {[%clk 0:09:05]} 32. Bxd5 {[%clk 0:07:36]} Nxd5
{[%clk 0:09:24]} 33. Rxd5 {[%clk 0:07:47]} Qxd5 {[%clk 0:09:51]} 34. Nc7
{[%clk 0:08:06]} Qc6 {[%clk 0:06:06]} 35. Nxe8 {[%clk 0:07:15]} Qxe8
{[%clk 0:06:32]} 36. Rxe7 {[%clk 0:07:29]} Qb5 {[%clk 0:06:27]} 37. Re8+
{[%clk 0:04:33]} 1/2-1/2

[Event "H. C. Andersen Mindgames"]
[Site "?"]
[Date "2012.05.17"]
[Round "2.12"]
[White "Carlstedt, 2354, IM Jonathan"]
[Black "Dirlis, 1852, Nikolaos"]
[Result "1/2-1/2"]
[LiveChessVersion "1.3.1"]
[BlackElo "1852"]
[WhiteElo "2354"]

1. c4 {[%clk 1:30:22]} c5 {[%clk 1:29:19]} 2. g3 {[%clk 1:30:24]} g6
{[%clk 1:29:23]} 3. Bg2 {[%clk 1:30:47]} Bg7 {[%clk 1:29:43]} 4. Nc3
{[%clk 1:31:11]} Nc6 {[%clk 1:29:25]} 5. a3 {[%clk 1:31:34]} d6 {[%clk 1:28:21]}
6. Rb1 {[%clk 1:31:04]} a5 {[%clk 1:28:02]} 7. d3 {[%clk 1:29:06]} Nf6
{[%clk 1:25:23]} 8. e4 {[%clk 1:29:23]} O-O {[%clk 1:25:45]} 9. Nge2
{[%clk 1:29:49]} Ne8 {[%clk 1:25:40]} 10. Be3 {[%clk 1:30:10]} Bg4
{[%clk 1:10:26]} 11. f3 {[%clk 1:29:09]} Be6 {[%clk 1:10:39]} 12. O-O
{[%clk 1:24:33]} Nc7 {[%clk 1:10:45]} 13. b3 {[%clk 1:22:58]} Nd4
{[%clk 1:05:56]} 14. b4 {[%clk 1:22:38]} axb4 {[%clk 0:58:59]} 15. axb4
{[%clk 1:22:30]} b6 {[%clk 0:56:59]} 16. Bf2 {[%clk 1:20:09]} Nxe2+
{[%clk 0:54:04]} 17. Nxe2 {[%clk 1:20:33]} Qd7 {[%clk 0:47:32]} 18. Qb3
{[%clk 1:03:05]} Qa4 {[%clk 0:36:55]} 19. Qxa4 {[%clk 0:59:10]} Rxa4
{[%clk 0:37:15]} 20. bxc5 {[%clk 0:59:35]} bxc5 {[%clk 0:37:27]} 21. Rb7
{[%clk 0:59:57]} Rc8 {[%clk 0:35:59]} 22. Nf4 {[%clk 0:57:58]} Kf8
{[%clk 0:30:16]} 23. Rfb1 {[%clk 0:56:18]} Ke8 {[%clk 0:25:13]} 24. h4
{[%clk 0:48:58]} Ra1 {[%clk 0:23:04]} 25. Rxa1 {[%clk 0:48:14]} Bxa1
{[%clk 0:23:19]} 26. Be1 {[%clk 0:48:16]} Bd4+ {[%clk 0:22:36]} 27. Kf1
{[%clk 0:45:33]} Bd7 {[%clk 0:22:58]} 28. Ba5 {[%clk 0:42:12]} Ne6
{[%clk 0:21:57]} 29. Nd5 {[%clk 0:40:11]} Ra8 {[%clk 0:22:06]} 30. Be1
{[%clk 0:37:02]} Kd8 {[%clk 0:16:30]} 31. Rxd7+ {[%clk 0:30:35]} Kxd7
{[%clk 0:16:51]} 32. Nb6+ {[%clk 0:31:00]} Kc7 {[%clk 0:16:41]} 33. Nxa8+
{[%clk 0:31:23]} Kb7 {[%clk 0:17:03]} 34. f4 {[%clk 0:31:47]} Kxa8
{[%clk 0:17:22]} 35. f5 {[%clk 0:32:12]} Nd8 {[%clk 0:16:49]} 36. Ba5
{[%clk 0:29:48]} Nb7 {[%clk 0:15:15]} 37. Bb6 {[%clk 0:30:06]} Kb8
{[%clk 0:15:11]} 38. fxg6 {[%clk 0:30:07]} hxg6 {[%clk 0:13:08]} 39. g4
{[%clk 0:26:36]} Kc8 {[%clk 0:13:26]} 40. h5 {[%clk 0:26:06]} gxh5
{[%clk 0:13:53]} 41. gxh5 {[%clk 0:26:29]} Nd8 {[%clk 0:14:14]} 42. Ba5
{[%clk 0:22:04]} Nc6 {[%clk 0:14:10]} 43. Bd2 {[%clk 0:20:50]} Kd8
{[%clk 0:12:53]} 44. h6 {[%clk 0:19:58]} Ne5 {[%clk 0:12:10]} 45. Ke2
{[%clk 0:19:32]} Ke8 {[%clk 0:12:12]} 46. Bh3 {[%clk 0:18:06]} Kf8
{[%clk 0:11:35]} 47. Bg5 {[%clk 0:16:15]} Ng6 {[%clk 0:06:20]} 48. Bf5
{[%clk 0:14:32]} Bf6 {[%clk 0:05:25]} 49. Be3 {[%clk 0:09:17]} Kg8
{[%clk 0:05:34]} 50. Bxg6 {[%clk 0:06:56]} fxg6 {[%clk 0:05:57]} 51. Kf3
{[%clk 0:07:15]} Kh7 {[%clk 0:05:52]} 52. Kg4 {[%clk 0:07:39]} Be5
{[%clk 0:05:29]} 53. Bd2 {[%clk 0:06:35]} Bd4 {[%clk 0:04:57]} 54. Bf4
{[%clk 0:06:32]} Bf6 {[%clk 0:05:12]} 55. Be3 {[%clk 0:04:06]} Be5
{[%clk 0:05:31]} 1/2-1/2

[Event "H. C. Andersen Mind Games"]
[Site "?"]
[Date "2012.05.17"]
[Round "2.14"]
[White "Antonsen, 2446, IM Mikkel"]
[Black "Georgiev, 2555, GM Vladimir"]
[Result "0-1"]
[BlackElo "2555"]
[WhiteElo "2446"]

1. d4 {[%clk 1:30:58]} d5 {[%clk 1:30:35]} 2. c4 {[%clk 1:31:24]} c6
{[%clk 1:31:02]} 3. Nc3 {[%clk 1:30:12]} Nf6 {[%clk 1:31:24]} 4. e3
{[%clk 1:30:40]} a6 {[%clk 1:31:48]} 5. Qb3 {[%clk 1:28:13]} e6 {[%clk 1:30:55]}
6. a4 c5 {[%clk 1:26:44]} 7. cxd5 {[%clk 1:11:43]} exd5 {[%clk 1:27:01]} 8. dxc5
{[%clk 1:12:03]} Bxc5 {[%clk 1:27:07]} 9. Nf3 {[%clk 1:12:27]} Nc6
{[%clk 1:26:18]} 10. Be2 {[%clk 1:11:58]} O-O {[%clk 1:24:03]} 11. O-O
{[%clk 1:12:24]} Be6 12. Ng5 {[%clk 1:07:07]} Bf5 {[%clk 1:16:44]} 13. Rd1
{[%clk 1:05:20]} h6 {[%clk 1:10:54]} 14. Nf3 {[%clk 1:04:12]} Na5
{[%clk 1:11:16]} 15. Qa2 {[%clk 1:04:03]} Bc2 {[%clk 1:10:34]} 16. Rd2
{[%clk 1:03:46]} Bb3 {[%clk 1:10:56]} 17. Qb1 {[%clk 1:04:14]} Re8
{[%clk 1:04:41]} 18. Nd4 {[%clk 1:03:04]} Qb6 {[%clk 1:02:47]} 19. Qf5
{[%clk 0:56:31]} Rad8 {[%clk 1:01:13]} 20. Rb1 {[%clk 0:55:22]} Bxd4
{[%clk 0:55:57]} 21. exd4 {[%clk 0:51:53]} Nc4 {[%clk 0:54:42]} 22. Bxc4
{[%clk 0:51:21]} dxc4 {[%clk 0:53:57]} 23. Re2 {[%clk 0:50:27]} Rxe2
{[%clk 0:51:39]} 24. Nxe2 {[%clk 0:50:53]} Bxa4 {[%clk 0:51:58]} 25. Be3
{[%clk 0:44:35]} Nd5 26. Nc3 {[%clk 0:43:03]} Nxe3 {[%clk 0:42:08]} 27. fxe3
{[%clk 0:43:29]} Bd7 {[%clk 0:42:31]} 28. Qf4 {[%clk 0:42:59]} Be6
{[%clk 0:41:34]} 29. Qf2 {[%clk 0:39:34]} Rd7 {[%clk 0:34:02]} 30. Rd1
{[%clk 0:39:31]} Qa5 {[%clk 0:31:02]} 31. h3 {[%clk 0:33:06]} Qg5
{[%clk 0:27:55]} 32. Kh1 {[%clk 0:20:54]} f5 {[%clk 0:26:50]} 33. Qf3
{[%clk 0:18:21]} Kh7 {[%clk 0:25:19]} 34. Rf1 {[%clk 0:17:44]} b5
{[%clk 0:24:41]} 35. Ne2 {[%clk 0:11:35]} Rd6 {[%clk 0:21:03]} 36. Nf4
{[%clk 0:10:33]} Bd7 {[%clk 0:21:27]} 37. Qb7 {[%clk 0:09:12]} Bc6
{[%clk 0:19:32]} 38. Qc7 {[%clk 0:08:59]} Qd8 {[%clk 0:19:46]} 39. Qa7
{[%clk 0:08:14]} Be4 {[%clk 0:18:26]} 40. Kh2 {[%clk 0:08:26]} a5
{[%clk 0:17:18]} 41. Rd1 {[%clk 0:08:11]} b4 {[%clk 0:16:27]} 42. d5
{[%clk 0:08:11]} c3 {[%clk 0:16:31]} 43. bxc3 {[%clk 0:06:55]} bxc3
{[%clk 0:16:56]} 44. Rc1 {[%clk 0:05:50]} c2 {[%clk 0:15:43]} 45. Ne6
{[%clk 0:06:19]} Rxe6 {[%clk 0:15:38]} 0-1

[Event "H. C. Andersen Mind Games"]
[Site "?"]
[Date "2012.05.17"]
[Round "2.15"]
[White "Frantsen, 2122, Tom"]
[Black "Hansen, 1992, Lars-Henrik Bech"]
[Result "1/2-1/2"]
[BlackElo "1992"]
[WhiteElo "2122"]

1. e4 {[%clk 1:30:57]} g6 {[%clk 1:29:46]} 2. d4 {[%clk 1:31:06]} d6
{[%clk 1:30:08]} 3. Nf3 {[%clk 1:30:39]} Bg7 {[%clk 1:30:22]} 4. Nc3
{[%clk 1:30:44]} Nf6 {[%clk 1:29:58]} 5. Be2 {[%clk 1:24:11]} O-O
{[%clk 1:29:15]} 6. O-O {[%clk 1:24:27]} Nbd7 {[%clk 1:27:34]} 7. h3
{[%clk 1:19:12]} e5 {[%clk 1:27:54]} 8. dxe5 {[%clk 1:16:50]} Nxe5
{[%clk 1:24:40]} 9. Bf4 {[%clk 1:11:03]} Nxf3+ {[%clk 1:17:58]} 10. Bxf3
{[%clk 1:11:21]} Nd7 {[%clk 1:18:21]} 11. Qd2 {[%clk 1:02:49]} Ne5
{[%clk 1:16:32]} 12. Be2 {[%clk 1:03:10]} Be6 {[%clk 1:16:08]} 1/2-1/2

[Event "H. C. Andersen Mind Games"]
[Site "?"]
[Date "2012.05.17"]
[Round "2.16"]
[White "Munksgaard, 1877, Daniel"]
[Black "Jacobsen, 2337, Bo"]
[Result "0-1"]
[BlackElo "2337"]
[WhiteElo "1877"]

1. e4 {[%clk 1:30:55]} g6 {[%clk 1:30:05]} 2. d4 {[%clk 1:31:07]} Bg7
{[%clk 1:30:25]} 3. Nf3 {[%clk 1:31:02]} d6 {[%clk 1:29:49]} 4. Bc4
{[%clk 1:30:02]} c6 {[%clk 1:28:42]} 5. Nc3 {[%clk 1:26:18]} Nf6 {[%clk 1:27:59]}
6. e5 {[%clk 1:19:58]} dxe5 {[%clk 1:27:53]} 7. Nxe5 {[%clk 1:19:44]} O-O
{[%clk 1:28:13]} 8. Be3 {[%clk 1:16:12]} Nbd7 {[%clk 1:27:33]} 9. Nxd7
{[%clk 1:13:45]} Bxd7 {[%clk 1:27:35]} 10. h3 {[%clk 1:12:14]} Qa5
{[%clk 1:23:19]} 11. O-O {[%clk 1:07:33]} Rad8 {[%clk 1:20:29]} 12. Qf3
{[%clk 1:05:08]} Qf5 {[%clk 1:10:17]} 13. Qe2 {[%clk 1:00:59]} Be6
{[%clk 1:08:26]} 14. Bd3 {[%clk 0:58:53]} Qa5 {[%clk 1:08:36]} 15. a3
{[%clk 0:56:25]} Ne8 {[%clk 1:00:34]} 16. Bc4 {[%clk 0:53:28]} Bxc4
{[%clk 0:58:44]} 17. Qxc4 {[%clk 0:53:49]} Nd6 {[%clk 0:59:10]} 18. Qb3
{[%clk 0:51:47]} Rd7 {[%clk 0:46:51]} 19. Ne2 {[%clk 0:48:13]} Nf5
{[%clk 0:44:55]} 20. c3 {[%clk 0:45:27]} e5 {[%clk 0:43:35]} 21. Rad1
{[%clk 0:40:39]} Re8 {[%clk 0:42:06]} 22. dxe5 {[%clk 0:31:40]} Rxd1
{[%clk 0:42:10]} 23. Rxd1 {[%clk 0:30:01]} Nxe3 {[%clk 0:42:34]} 24. fxe3
{[%clk 0:29:26]} Qxe5 {[%clk 0:42:37]} 25. Rd3 {[%clk 0:24:33]} Bh6
{[%clk 0:34:06]} 26. Nf4 {[%clk 0:21:38]} Bxf4 {[%clk 0:31:43]} 27. exf4
{[%clk 0:21:58]} Qxf4 {[%clk 0:32:04]} 28. Rd1 {[%clk 0:21:44]} Re2
{[%clk 0:30:14]} 29. Rf1 {[%clk 0:21:11]} Qe3+ {[%clk 0:30:37]} 30. Kh1
{[%clk 0:21:20]} Qe7 {[%clk 0:31:01]} 31. c4 {[%clk 0:18:22]} Qe4
{[%clk 0:30:04]} 32. Rf3 {[%clk 0:14:54]} Qb1+ {[%clk 0:30:13]} 33. Kh2
{[%clk 0:14:17]} Qxb2 {[%clk 0:30:37]} 34. Qxb2 {[%clk 0:13:57]} Rxb2
{[%clk 0:31:04]} 35. Rd3 {[%clk 0:14:13]} h5 {[%clk 0:28:53]} 36. Rd7
{[%clk 0:14:21]} h4 {[%clk 0:28:38]} 37. Re7 {[%clk 0:13:23]} Kg7
{[%clk 0:28:55]} 38. a4 {[%clk 0:13:01]} Kf6 {[%clk 0:29:04]} 39. Rc7
{[%clk 0:13:15]} a5 {[%clk 0:29:26]} 40. c5 {[%clk 0:13:13]} Ke6 {[%clk 0:29:38]}
41. Rc8 {[%clk 0:12:37]} Rb4 {[%clk 0:27:36]} 42. Ra8 {[%clk 0:12:44]} Rxa4
{[%clk 0:27:46]} 43. Ra7 {[%clk 0:13:10]} Rb4 {[%clk 0:28:02]} 44. Rxa5
{[%clk 0:13:22]} Kd5 {[%clk 0:28:22]} 0-1

[Event "H. C. Andersen Mind Games"]
[Site "?"]
[Date "2012.05.17"]
[Round "2.17"]
[White "Caceres, 1731, Cipriano Sande"]
[Black "Wilton, 2151, Lars"]
[Result "1-0"]
[BlackElo "2151"]
[WhiteElo "1731"]

1. c4 {[%clk 1:30:30]} e5 {[%clk 1:29:52]} 2. Nc3 {[%clk 1:30:43]} Nf6
{[%clk 1:30:14]} 3. Nf3 {[%clk 1:30:25]} Nc6 {[%clk 1:30:23]} 4. e3
{[%clk 1:30:27]} Be7 {[%clk 1:29:21]} 5. Be2 {[%clk 1:30:39]} O-O
{[%clk 1:29:43]} 6. O-O {[%clk 1:30:13]} d5 {[%clk 1:29:44]} 7. cxd5
{[%clk 1:29:09]} Nxd5 {[%clk 1:29:43]} 8. a3 {[%clk 1:26:29]} Be6
{[%clk 1:23:34]} 9. b4 {[%clk 1:24:32]} a6 {[%clk 1:15:34]} 10. Bb2
{[%clk 1:24:32]} Nb6 {[%clk 1:14:58]} 11. d4 {[%clk 1:13:39]} exd4
{[%clk 1:08:14]} 12. exd4 {[%clk 1:12:19]} Qd7 {[%clk 0:54:09]} 13. Ne4
{[%clk 1:09:16]} Rad8 {[%clk 0:49:24]} 14. Rc1 {[%clk 0:58:43]} Bd5
{[%clk 0:41:19]} 15. Nc5 {[%clk 0:57:59]} Qc8 {[%clk 0:40:24]} 16. Qd2
{[%clk 0:40:08]} Rd6 {[%clk 0:34:34]} 17. Qe3 {[%clk 0:33:10]} Rg6
{[%clk 0:31:50]} 18. g3 {[%clk 0:26:47]} Qh3 {[%clk 0:25:30]} 19. Nd3
{[%clk 0:20:20]} Bg5 {[%clk 0:21:00]} 20. Nf4 {[%clk 0:19:24]} Bxf4
{[%clk 0:20:46]} 21. Qxf4 {[%clk 0:19:23]} Re8 {[%clk 0:19:26]} 22. Rfe1
{[%clk 0:12:21]} Rge6 {[%clk 0:10:56]} 23. Bf1 {[%clk 0:11:24]} Qh5
{[%clk 0:08:37]} 24. Rxe6 {[%clk 0:10:54]} fxe6 {[%clk 0:06:49]} 25. g4
{[%clk 0:08:40]} Qg6 {[%clk 0:06:34]} 26. Ne5 {[%clk 0:08:00]} Nxe5
{[%clk 0:06:58]} 27. dxe5 {[%clk 0:08:05]} Rf8 {[%clk 0:06:57]} 28. Qd4
{[%clk 0:07:35]} c6 {[%clk 0:06:33]} 29. Be2 {[%clk 0:07:46]} Qe4
{[%clk 0:05:37]} 30. Qxe4 {[%clk 0:08:03]} Bxe4 {[%clk 0:06:04]} 31. Rc3
{[%clk 0:07:07]} Nd5 {[%clk 0:06:21]} 32. Rc4 {[%clk 0:06:10]} Bf3
{[%clk 0:06:43]} 33. Bxf3 {[%clk 0:06:17]} Rxf3 {[%clk 0:07:08]} 34. Kg2
{[%clk 0:06:23]} Rb3 {[%clk 0:07:20]} 35. Bc1 {[%clk 0:06:05]} g6
{[%clk 0:06:12]} 36. g5 {[%clk 0:06:12]} Rc3 {[%clk 0:06:23]} 37. Rxc3
{[%clk 0:06:34]} Nxc3 {[%clk 0:06:49]} 38. Kf3 {[%clk 0:06:46]} Kf7
{[%clk 0:07:07]} 39. h4 {[%clk 0:06:07]} Ke7 {[%clk 0:07:30]} 40. Bb2
{[%clk 0:06:06]} Nd5 {[%clk 0:07:42]} 41. Ke4 {[%clk 0:06:22]} Kd7
{[%clk 0:07:57]} 42. Bd4 {[%clk 0:06:35]} Ne7 {[%clk 0:08:12]} 43. f3
{[%clk 0:06:52]} Kc7 {[%clk 0:08:05]} 44. Bf2 {[%clk 0:06:28]} b6
{[%clk 0:08:24]} 45. a4 {[%clk 0:06:34]} Nd5 {[%clk 0:06:19]} 46. Be1
{[%clk 0:06:44]} c5 {[%clk 0:06:37]} 47. bxc5 {[%clk 0:06:47]} bxc5
{[%clk 0:07:02]} 48. Kd3 {[%clk 0:06:22]} Kc6 {[%clk 0:07:25]} 49. Bd2
{[%clk 0:06:45]} Nb6 {[%clk 0:07:25]} 50. a5 {[%clk 0:06:51]} Nd7
{[%clk 0:07:35]} 51. Ke4 {[%clk 0:06:42]} Kb5 {[%clk 0:07:46]} 52. f4
{[%clk 0:06:29]} Kc4 {[%clk 0:07:19]} 53. f5 {[%clk 0:03:56]} exf5+
{[%clk 0:07:36]} 54. Kf4 {[%clk 0:04:14]} Kd5 {[%clk 0:06:45]} 55. Bc3
{[%clk 0:04:31]} Nf8 {[%clk 0:07:04]} 56. h5 {[%clk 0:04:18]} Ne6+
{[%clk 0:07:23]} 57. Kg3 {[%clk 0:04:42]} Nxg5 {[%clk 0:07:27]} 58. hxg6
{[%clk 0:05:06]} hxg6 {[%clk 0:07:50]} 59. Bb2 {[%clk 0:05:05]} Ke4
{[%clk 0:07:51]} 60. Bc3 {[%clk 0:04:08]} Kd3 {[%clk 0:07:43]} 61. Bb2
{[%clk 0:04:06]} c4 {[%clk 0:07:58]} 62. Bc1 {[%clk 0:04:07]} Ne6
{[%clk 0:08:15]} 63. Kf3 {[%clk 0:03:22]} c3 {[%clk 0:08:18]} 64. Ba3
{[%clk 0:02:56]} g5 {[%clk 0:08:15]} 65. Bc1 {[%clk 0:02:02]} g4+
{[%clk 0:08:19]} 66. Kg3 {[%clk 0:02:18]} Ke4 {[%clk 0:08:38]} 67. Kf2
{[%clk 0:02:04]} f4 {[%clk 0:08:49]} 68. Ke1 {[%clk 0:01:36]} Kxe5
{[%clk 0:09:08]} 69. Ke2 {[%clk 0:00:56]} Ke4 {[%clk 0:09:27]} 70. Ba3
{[%clk 0:00:31]} Nd4+ {[%clk 0:09:40]} 71. Kd1 {[%clk 0:00:52]} Kd3
{[%clk 0:09:33]} 72. Bc1 Kc2+ 1-0

[Event "H. C. Andersen Mind Games"]
[Site "?"]
[Date "2012.05.17"]
[Round "2.18"]
[White "Rasmussen, 1708, Jens"]
[Black "Pedersen, 2112, Henrik Bolding"]
[Result "0-1"]
[BlackElo "2112"]
[WhiteElo "1708"]

1. d4 {[%clk 1:30:46]} d5 {[%clk 1:30:53]} 2. Nf3 {[%clk 1:31:05]} Nf6
{[%clk 1:31:16]} 3. e3 {[%clk 1:31:00]} c5 {[%clk 1:31:35]} 4. c3
{[%clk 1:30:26]} Bg4 {[%clk 1:29:12]} 5. Nbd2 {[%clk 1:30:42]} Nc6
{[%clk 1:28:41]} 6. Be2 {[%clk 1:30:09]} e6 {[%clk 1:27:54]} 7. b3
{[%clk 1:26:32]} Bd6 {[%clk 1:25:38]} 8. dxc5 {[%clk 1:26:08]} Bxc5
{[%clk 1:25:59]} 9. b4 {[%clk 1:26:06]} Bd6 {[%clk 1:23:51]} 10. Nd4
{[%clk 1:25:36]} Bxe2 {[%clk 1:20:17]} 11. Qxe2 {[%clk 1:24:31]} O-O
{[%clk 1:19:13]} 12. O-O {[%clk 1:24:00]} Rc8 {[%clk 1:15:32]} 13. Bb2
{[%clk 1:23:06]} Ne5 {[%clk 1:13:18]} 14. f4 {[%clk 1:17:51]} Nc4
{[%clk 1:12:22]} 15. Nxc4 {[%clk 1:16:15]} Rxc4 {[%clk 1:12:35]} 16. Nf3
{[%clk 1:14:09]} Qb6 {[%clk 1:08:07]} 17. Kh1 {[%clk 1:06:03]} Ne4
{[%clk 1:05:23]} 18. Rac1 {[%clk 1:05:01]} Rfc8 {[%clk 1:04:13]} 19. Ne5
{[%clk 0:50:12]} Bxe5 {[%clk 0:59:15]} 20. fxe5 {[%clk 0:50:25]} Qd8
{[%clk 0:58:23]} 21. Qf3 {[%clk 0:38:34]} R8c7 {[%clk 0:57:10]} 22. Rc2
{[%clk 0:37:37]} Qg5 {[%clk 0:53:29]} 23. Qf4 {[%clk 0:28:43]} Qxf4
{[%clk 0:48:53]} 24. exf4 {[%clk 0:26:41]} Rxb4 {[%clk 0:48:39]} 25. Ba3
{[%clk 0:25:05]} Ra4 {[%clk 0:45:26]} 26. Bd6 {[%clk 0:24:23]} Rd7
{[%clk 0:43:41]} 27. Bb8 {[%clk 0:18:49]} Rd8 {[%clk 0:39:32]} 28. Bc7
{[%clk 0:18:16]} Rc8 {[%clk 0:39:10]} 29. Bd6 {[%clk 0:18:34]} Rac4
{[%clk 0:31:19]} 30. Rb1 {[%clk 0:16:08]} b6 {[%clk 0:31:09]} 31. Bb4
{[%clk 0:15:22]} Nxc3 {[%clk 0:29:41]} 32. Rxc3 {[%clk 0:05:18]} Rxc3
{[%clk 0:29:46]} 33. Bxc3 {[%clk 0:05:12]} Rxc3 {[%clk 0:30:13]} 34. g3
{[%clk 0:05:22]} h5 {[%clk 0:30:07]} 35. Rb2 {[%clk 0:05:30]} Kh7
{[%clk 0:28:59]} 36. Rd2 {[%clk 0:05:58]} Kg6 {[%clk 0:28:55]} 37. Kg2
{[%clk 0:06:19]} b5 {[%clk 0:28:10]} 38. h3 {[%clk 0:06:24]} Kf5 {[%clk 0:28:15]}
39. Rb2 {[%clk 0:06:16]} a6 {[%clk 0:28:24]} 40. Kh2 {[%clk 0:04:35]} d4
{[%clk 0:28:01]} 41. Rf2 {[%clk 0:02:47]} d3 {[%clk 0:28:00]} 42. g4+
{[%clk 0:02:35]} hxg4 {[%clk 0:27:49]} 43. hxg4+ {[%clk 0:02:39]} Ke4
{[%clk 0:27:26]} 44. Kg1 {[%clk 0:02:49]} Rc1+ {[%clk 0:27:39]} 45. Kg2
{[%clk 0:02:57]} Rc2 {[%clk 0:27:52]} 46. f5 {[%clk 0:03:11]} exf5
{[%clk 0:27:54]} 47. gxf5 {[%clk 0:02:17]} Kxe5 {[%clk 0:26:52]} 0-1

[Event "H. C. Andersen Mind Games"]
[Site "?"]
[Date "2012.05.17"]
[Round "2.19"]
[White "Poulsen, 2084, Iver"]
[Black "Hojland, 1701, Ulrik"]
[Result "1-0"]
[BlackElo "1701"]
[WhiteElo "2084"]

1. e4 {[%clk 1:30:56]} c5 {[%clk 1:30:51]} 2. Nc3 {[%clk 1:31:19]} e6
{[%clk 1:30:32]} 3. Nf3 {[%clk 1:31:36]} a6 {[%clk 1:29:16]} 4. d4
{[%clk 1:31:38]} cxd4 {[%clk 1:29:14]} 5. Nxd4 {[%clk 1:31:59]} Qc7
{[%clk 1:29:25]} 6. a3 {[%clk 1:27:02]} Nc6 {[%clk 1:27:08]} 7. Be3
{[%clk 1:25:21]} Bd6 {[%clk 1:20:37]} 8. Qd2 {[%clk 1:15:15]} Nxd4
{[%clk 1:13:14]} 9. Bxd4 {[%clk 1:13:47]} Bf4 {[%clk 1:05:54]} 10. Qd3
{[%clk 1:06:06]} Nf6 {[%clk 1:03:50]} 11. g3 {[%clk 1:04:07]} e5 {[%clk 0:57:42]}
12. gxf4 {[%clk 0:57:44]} exd4 {[%clk 0:57:59]} 13. Ne2 {[%clk 0:56:33]} Qa5+
{[%clk 0:47:19]} 14. b4 {[%clk 0:56:12]} Qc7 {[%clk 0:46:32]} 15. Bg2
{[%clk 0:48:44]} d6 {[%clk 0:42:39]} 16. Nxd4 {[%clk 0:45:43]} O-O
{[%clk 0:42:09]} 17. O-O {[%clk 0:45:35]} Bd7 {[%clk 0:35:05]} 18. Rfe1
{[%clk 0:42:40]} Rac8 {[%clk 0:31:45]} 19. Re3 {[%clk 0:37:46]} Qc4
{[%clk 0:24:55]} 20. Qd2 {[%clk 0:36:16]} Nh5 {[%clk 0:17:26]} 21. Rd3
{[%clk 0:34:40]} f5 {[%clk 0:12:44]} 22. e5 {[%clk 0:24:56]} dxe5
{[%clk 0:12:56]} 23. fxe5 {[%clk 0:24:52]} Bc6 {[%clk 0:11:23]} 24. Nxc6
{[%clk 0:18:06]} bxc6 {[%clk 0:11:43]} 25. Rd4 {[%clk 0:17:25]} Qe6
{[%clk 0:11:10]} 26. Re1 {[%clk 0:17:18]} f4 {[%clk 0:11:29]} 27. Bf3
{[%clk 0:15:36]} Rf5 {[%clk 0:08:16]} 28. Rd8+ {[%clk 0:13:34]} Rxd8
{[%clk 0:08:36]} 29. Qxd8+ {[%clk 0:13:58]} Kf7 {[%clk 0:08:33]} 30. Qc7+
{[%clk 0:13:29]} Kg8 {[%clk 0:08:28]} 31. Qxc6 {[%clk 0:12:47]} Rg5+
{[%clk 0:08:04]} 32. Kh1 {[%clk 0:12:35]} Qe7 {[%clk 0:02:42]} 33. Bd5+
{[%clk 0:12:31]} 1-0

[Event "H. C. Andersen Mind Games"]
[Site "?"]
[Date "2012.05.17"]
[Round "2.20"]
[White "Nielsen, 1616, Thomas"]
[Black "Hauge, 2071, Lars Oskar"]
[Result "0-1"]
[BlackElo "2071"]
[WhiteElo "1616"]

1. d4 {[%clk 1:30:29]} Nf6 {[%clk 1:29:45]} 2. c4 {[%clk 1:28:17]} g6
{[%clk 1:29:42]} 3. e3 {[%clk 1:27:53]} Bg7 {[%clk 1:29:34]} 4. g4
{[%clk 1:28:16]} d5 {[%clk 1:25:57]} 5. g5 {[%clk 1:28:00]} Ne4 {[%clk 1:26:01]}
6. f4 {[%clk 1:27:49]} h6 {[%clk 1:16:46]} 7. Nc3 {[%clk 1:25:45]} hxg5
{[%clk 1:15:20]} 8. Nxe4 {[%clk 1:26:07]} dxe4 {[%clk 1:15:36]} 9. fxg5
{[%clk 1:26:27]} e5 {[%clk 1:15:43]} 10. h4 {[%clk 1:24:42]} exd4
{[%clk 1:14:53]} 11. exd4 {[%clk 1:24:26]} Bxd4 {[%clk 1:14:38]} 12. Ne2
{[%clk 1:24:01]} Bf2+ {[%clk 1:14:52]} 0-1

[Event "H. C. Andersen Mind Games"]
[Site "?"]
[Date "2012.05.17"]
[Round "2.21"]
[White "Bonnelykke, 2027, Ole"]
[Black "Valembois, 1316, Pierre"]
[Result "1-0"]
[BlackElo "1316"]
[WhiteElo "2027"]

1. e4 {[%clk 1:30:30]} g5 {[%clk 1:22:58]} 2. d4 {[%clk 1:30:13]} d6
{[%clk 1:23:05]} 3. Bxg5 {[%clk 1:29:35]} Nh6 {[%clk 1:21:18]} 4. Bc4
{[%clk 1:28:18]} Rg8 {[%clk 1:19:52]} 5. Qd2 {[%clk 1:25:28]} Nc6
{[%clk 1:16:32]} 6. Bxh6 {[%clk 1:23:51]} Bxh6 {[%clk 1:16:21]} 7. Qxh6
{[%clk 1:24:10]} Nxd4 8. Qxh7 Nxc2+ {[%clk 1:11:03]} 9. Kd2 {[%clk 1:24:17]} Rxg2
{[%clk 1:11:07]} 10. Qh8+ {[%clk 1:22:47]} Kd7 {[%clk 1:10:09]} 11. Qh3+
{[%clk 1:22:43]} e6 {[%clk 1:07:20]} 12. Qxg2 {[%clk 1:22:43]} Nxa1
{[%clk 1:05:42]} 13. Nc3 {[%clk 1:22:36]} b5 {[%clk 1:04:42]} 14. Bxb5+
{[%clk 1:19:54]} c6 {[%clk 1:04:15]} 15. Bd3 {[%clk 1:18:07]} Qb6
{[%clk 1:02:40]} 16. b3 {[%clk 1:18:02]} Rb8 {[%clk 1:01:55]} 17. Nge2
{[%clk 1:17:48]} Nxb3+ 18. axb3 Qxb3 {[%clk 0:59:32]} 19. Rb1 {[%clk 1:17:48]} a5
{[%clk 0:53:02]} 20. Rxb3 {[%clk 1:17:48]} Rxb3 {[%clk 0:53:22]} 21. Qg8
{[%clk 1:17:36]} Rb2+ {[%clk 0:53:20]} 22. Ke3 {[%clk 1:17:24]} Kc7
{[%clk 0:53:26]} 23. Qxf7+ {[%clk 1:17:25]} Kb6 {[%clk 0:53:25]} 24. Na4#
{[%clk 1:17:29]} 1-0